| 000 | 00777nam a22002177a 4500 | ||
|---|---|---|---|
| 005 | 20251108172347.0 | ||
| 008 | 250721s2000 xx 000 0 ara d | ||
| 082 | 1 | 4 | _a616.39/خفا |
| 100 | 1 | _aالخفاف، عبد علي | |
| 245 | 1 | 0 |
_aدراسات في جغرافية الأمراض : _bالعادات الغذائية و الأنماط المرضية لدى شعوب العالم / |
| 264 | 1 |
_aعمان : _bدار الكندي للنشر و التوزيع، _c2000. |
|
| 300 | _a98ص. | ||
| 650 | 1 | 7 | _aالأمراض |
| 650 | 1 | 7 | _aأمراض التغذية |
| 650 | 1 | 7 | _aالجغرافيا الطبية |
| 650 | 1 | 7 | _aآسيا |
| 650 | 1 | 7 | _aالأمريكيتان |
| 700 | 1 | _aالمومني، محمد أحمد عقلة | |
| 942 |
_2ddc _cBK |
||
| 999 |
_c77205 _d77205 |
||